Paris géographie - Monuments #4 - Statistiques

Statistiques générales
  • Ce quiz a été pris 36 fois
  • Le résultat moyen est 8 sur 16
Statistiques - réponses
Par images Réponse % Correct
Avenue des Champs-Elysées
100%
Moulin-Rouge
97%
Opéra Garnier
77%
Le Grand Rex
73%
Canal Saint-Martin
70%
Rue de Rivoli
67%
Pont Alexandre-III
63%
Cirque d'Hiver
50%
Place des Vosges
50%
Pont Neuf
50%
Pont des Arts
43%
Palais de Tokyo
27%
Place de la Nation
17%
Place des Victoires
13%
Pont Mirabeau
10%
Théâtre national de l'Opéra-Comique
7%
Aucun quiz correspondant
Distribution des résultats
% des personnes avec chaque résultat
Percentile par nombre de réponses
Votre historique - résultats
Vous n’avez pas pris ce quiz